| 000 | 00887cab a2200205 4500 | ||
|---|---|---|---|
| 001 | ABS39555 | ||
| 008 | 090401t1988 xxu||||| |||| 00| 0 eng d | ||
| 035 | _a(Sirsi) u17442 | ||
| 041 | _aeng | ||
| 100 | _aJohnson, A. | ||
| 245 | 4 | _aThe Reichmanns` London gamble | |
| 260 | _c1988 | ||
| 350 | _a0 | ||
| 490 |
_aBusiness _vJuly 1988, 58-61(4) |
||
| 520 | _aIn the mid 1970s the Reichmann brothers took three years to build a small office building in Knightsbridge, the same length of time they took to finish a 72-storey Toronto skyscraper. Shortly afterwards they returned to Canada . Ten years later, the family company Olympia and York Developments is developing Canary Wharf in London `s docklands , as a sign of the family`s confidence in the London office market . | ||
| 650 | _aDEVELOPMENT | ||
| 690 | _aPROPERTY-COMMERCIAL PROPERTY | ||
| 942 | _n0 | ||
| 948 | _c04/03/1997 | ||
| 999 |
_c11571 _d11571 |
||